Strength properties of cement slurries with lightweights applied in oil and gas wells; IOP Conference Series: Earth and Environmental Science; Vol. 24 : Scientific and Technical Challenges in the Well Drilling Progress, 24–27 November 2014, Tomsk, Russia

書誌詳細
Parent link:IOP Conference Series: Earth and Environmental Science
Vol. 24 : Scientific and Technical Challenges in the Well Drilling Progress, 24–27 November 2014, Tomsk, Russia.— 2015.— [012010, 5 p.]
第一著者: Bubnov A. S. Artem Sergeevich
団体著者: Национальный исследовательский Томский политехнический университет (ТПУ) Институт природных ресурсов (ИПР) Центр подготовки и переподготовки специалистов нефтегазового дела (ЦППС НД) Лаборатория проектирования строительства скважин (ЛПСС)
その他の著者: Boyko I. A. Igor Alekseevich, Khorev V. S. Vladimir Sergeevich
要約:Title screen
The article is focused on the cement stone strength properties resulted from lightweight cement slurries that meet GOST-1581-96 (state Standards) requirements. Exfoliated vermiculite, hollow aluminosilicate microspheres (HAMs), diatomite and perlite were used as lightweighting additives.
Режим доступа: по договору с организацией-держателем ресурса
言語:英語
出版事項: 2015
主題:
オンライン・アクセス:http://dx.doi.org/10.1088/1755-1315/24/1/012010
フォーマット: 電子媒体 図書の章
KOHA link:https://koha.lib.tpu.ru/cgi-bin/koha/opac-detail.pl?biblionumber=639672

MARC

LEADER 00000nla2a2200000 4500
001 639672
005 20231101134057.0
035 |a (RuTPU)RU\TPU\network\4160 
035 |a RU\TPU\network\4159 
090 |a 639672 
100 |a 20150319a2015 k y0engy50 ba 
101 0 |a eng 
105 |a y z 100zy 
135 |a drcn ---uucaa 
181 0 |a i  
182 0 |a b 
200 1 |a Strength properties of cement slurries with lightweights applied in oil and gas wells  |f A. S. Bubnov, I. A. Boyko, V. S. Khorev 
203 |a Text  |c electronic 
300 |a Title screen 
320 |a [References: 7 tit.] 
330 |a The article is focused on the cement stone strength properties resulted from lightweight cement slurries that meet GOST-1581-96 (state Standards) requirements. Exfoliated vermiculite, hollow aluminosilicate microspheres (HAMs), diatomite and perlite were used as lightweighting additives. 
333 |a Режим доступа: по договору с организацией-держателем ресурса 
461 0 |0 (RuTPU)RU\TPU\network\2499  |t IOP Conference Series: Earth and Environmental Science 
463 0 |0 (RuTPU)RU\TPU\network\4016  |t Vol. 24 : Scientific and Technical Challenges in the Well Drilling Progress, 24–27 November 2014, Tomsk, Russia  |o [proceedings]  |f National Research Tomsk Polytechnic University (TPU)  |v [012010, 5 p.]  |d 2015 
610 1 |a электронный ресурс 
610 1 |a труды учёных ТПУ 
610 1 |a прочностные свойства 
610 1 |a цементные растворы 
610 1 |a нефтяные скважины 
610 1 |a газовые скважины 
610 1 |a вермикулиты 
610 1 |a добавки 
700 1 |a Bubnov  |b A. S.  |c specialist in oil field equipment  |c head of laboratory of Tomsk Polytechnic University  |f 1979-  |g Artem Sergeevich  |2 stltpush  |3 (RuTPU)RU\TPU\pers\33987 
701 1 |a Boyko  |b I. A.  |c expert in the field of oilfield equipment  |c Assistant of the Department of Tomsk Polytechnic University  |f 1966-  |g Igor Alekseevich  |2 stltpush  |3 (RuTPU)RU\TPU\pers\34936 
701 1 |a Khorev  |b V. S.  |c a specialist in the field of nondestructive testing  |c engineer at Tomsk Polytechnic University  |f 1987-  |g Vladimir Sergeevich  |2 stltpush  |3 (RuTPU)RU\TPU\pers\34937 
712 0 2 |a Национальный исследовательский Томский политехнический университет (ТПУ)  |b Институт природных ресурсов (ИПР)  |b Центр подготовки и переподготовки специалистов нефтегазового дела (ЦППС НД)  |b Лаборатория проектирования строительства скважин (ЛПСС)  |h 5223  |2 stltpush  |3 (RuTPU)RU\TPU\col\20612 
801 2 |a RU  |b 63413507  |c 20161226  |g RCR 
856 4 |u http://dx.doi.org/10.1088/1755-1315/24/1/012010 
942 |c CF